MARC details
| 000 -CABECERA |
| campo de control de longitud fija |
02224nam a2200385 i 4500 |
| 001 - NÚMERO DE CONTROL |
| campo de control |
000045176 |
| 003 - IDENTIFICADOR DEL NÚMERO DE CONTROL |
| campo de control |
DO-SdBNP |
| 005 - FECHA Y HORA DE LA ÚLTIMA TRANSACCIÓN |
| campo de control |
20250513095937.0 |
| 007 - CAMPO FIJO DE DESCRIPCIÓN FÍSICA--INFORMACIÓN GENERAL |
| campo de control de longitud fija |
ta |
| 008 - DATOS DE LONGITUD FIJA--INFORMACIÓN GENERAL |
| campo de control de longitud fija |
150206s2013 dr ao gr 001 0bspa d |
| 020 ## - NÚMERO INTERNACIONAL ESTÁNDAR DEL LIBRO |
| Número Internacional Estándar del Libro |
9789945475647 |
| 040 ## - FUENTE DE LA CATALOGACIÓN |
| Centro catalogador/agencia de origen |
DO-SdBNP |
| Lengua de catalogación |
spa |
| Centro/agencia transcriptor |
BNPHU |
| Normas de descripción |
rda |
| 041 ## - CÓDIGO DE LENGUA |
| Código de lengua del texto/banda sonora o título independiente |
spa |
| 082 #4 - NÚMERO DE LA CLASIFICACIÓN DECIMAL DEWEY |
| Número de clasificación |
RD863.44 |
| Número de documento/Ítem |
C764p |
| Número de edición |
22 |
| 100 1# - ENTRADA PRINCIPAL--NOMBRE DE PERSONA |
| Nombre de persona |
Contreras, Hilma, |
| Fechas asociadas al nombre |
1913-2006 |
| 9 (RLIN) |
14873 |
| Término indicativo de función/relación |
autor |
| Código de función/relación |
aut. |
| 245 13 - MENCIÓN DE TÍTULO |
| Título |
El poder de unas lágrimas : |
| Resto del título |
y varios cuentos más / |
| Mención de responsabilidad, etc. |
Hilma Contreras ; prólogo, Ylonka Nacidit-Perdomo; selección y edición León Félix Batista. |
| 264 #4 - PRODUCCIÓN, PUBLICACIÓN, DISTRIBUCIÓN, FABRICACIÓN Y COPYRIGHT |
| Producción, publicación, distribución, fabricación y copyright |
Santo Domingo : |
| Nombre del de productor, editor, distribuidor, fabricante |
Dirección General de la Feria del Libro, |
| Fecha de producción, publicación, distribución, fabricación o copyright |
©2013. |
| 300 ## - DESCRIPCIÓN FÍSICA |
| Extensión |
100 páginas |
| Otras características físicas |
ilustraciones, retratos ; |
| Dimensiones |
27 cm. |
| 336 ## - TIPO DE CONTENIDO |
| Término de tipo de contenido |
texto |
| Código de tipo de contenido |
txt |
| Fuente |
rdacontent |
| 337 ## - TIPO DE MEDIO |
| Nombre/término del tipo de medio |
sin mediación |
| Código del tipo de medio |
n |
| Fuente |
rdamedia |
| 338 ## - TIPO DE SOPORTE |
| Nombre/término del tipo de soporte |
volumen |
| Código del tipo de soporte |
nc |
| Fuente |
rdacarrier |
| 500 ## - NOTA GENERAL |
| Nota general |
Incluye referencias bibliográficas y notas al pie de las páginas. |
| 500 ## - NOTA GENERAL |
| Nota general |
Libro de pasta dura. |
| 500 ## - NOTA GENERAL |
| Nota general |
Digitación de los textos: Biblioteca Nacional Pedro Henríquez Ureña. |
| 505 0# - NOTA DE CONTENIDO CON FORMATO |
| Nota de contenido con formato |
Los misterios de Hilma Contreras / |
| Mención de responsabilidad |
Ylonka Nacidit-Perdomo.-- |
| Título |
Plenitud -- |
| -- |
La cabellera -- |
| -- |
El incendio -- |
| -- |
Canícula -- |
| -- |
El cumpleaños de Vitalina -- |
| -- |
Los buenos se van -- |
| -- |
Chorrera abajo -- |
| -- |
Días sin luz -- |
| -- |
Puñados de dolor -- |
| -- |
General o ceniza -- |
| -- |
El poder de unas lágrimas -- |
| -- |
Apéndice : |
| -- |
Carta a Silvia Hilcon (pseudonimo de Hilma Contreras / |
| Mención de responsabilidad |
Juan Bosch.-- |
| Título |
La joven Hilma Contreras : notas a su biografía / |
| Mención de responsabilidad |
Ylonka Nacidit-Perdomo.-- |
| Título |
Hilma Contreras Castillo, bibliografías activa y pasiva / |
| Mención de responsabilidad |
Franklin Gutiérrez -- |
| Título |
Algunas opiniones críticas sobre la obra de Hilma Contreras / |
| Mención de responsabilidad |
Recopilación de Ylonka Nacidit-Perdomo. |
| Información miscelánea |
|
| 590 ## - NOTA LOCAL (RLIN) |
| Nota local |
Inventariado 2021 / MF |
| 600 14 - PUNTO DE ACCESO ADICIONAL DE MATERIA--NOMBRE DE PERSONA |
| 9 (RLIN) |
57078 |
| Nombre de persona |
Contreras, Hilma, |
| Fechas asociadas al nombre |
1910-2006 |
| Subdivisión general |
Crítica e Interpretación |
| 650 #4 - PUNTO DE ACCESO ADICIONAL DE MATERIA--TÉRMINO DE MATERIA |
| 9 (RLIN) |
35459 |
| Término de materia o nombre geográfico como elemento de entrada |
Cuentos dominicanos |
| 650 #0 - PUNTO DE ACCESO ADICIONAL DE MATERIA--TÉRMINO DE MATERIA |
| Término de materia o nombre geográfico como elemento de entrada |
Literatura dominicana |
| 9 (RLIN) |
80471 |
| 700 ## - PUNTO DE ACCESO ADICIONAL--NOMBRE DE PERSONA |
| Nombre de persona |
Nacidit-Perdomo, Ylonka, |
| Fechas asociadas al nombre |
1965- |
| Término indicativo de función/relación |
prologuista |
| 9 (RLIN) |
24277 |
| Código de función/relación |
prol. |
| 700 1# - PUNTO DE ACCESO ADICIONAL--NOMBRE DE PERSONA |
| Nombre de persona |
Batista, León Félix, |
| Fechas asociadas al nombre |
1964- |
| Término indicativo de función/relación |
editor |
| 9 (RLIN) |
12031 |
| Código de función/relación |
ed. |
| 710 1# - PUNTO DE ACCESO ADICIONAL--NOMBRE DE ENTIDAD CORPORATIVA |
| Nombre de entidad corporativa o nombre de jurisdicción como elemento de entrada |
República Dominicana. Dirección General de la Feria del Libro |
| 9 (RLIN) |
80423 |
| 910 ## - DATOS DE OPCIÓN DEL USUARIO (OCLC) |
| Datos de opción del usuario |
MFeliz/Validado. Control de calidad MFF |
| 942 ## - ELEMENTOS DE PUNTO DE ACCESO ADICIONAL (KOHA) |
| Fuente del sistema de clasificación o colocación |
Dewey Decimal Classification |
| Tipo de ítem Koha |
Libro |